[Event "NZL-ch op rapid"]
[Site "Palmerston North"]
[Date "2018.01.10"]
[Round "1"]
[White "Duran Rubalcava, Luis Angel"]
[Black "Demuth, Adrien"]
[Result "0-1"]
[WhiteElo "1738"]
[BlackElo "2494"]
[PlyCount "92"]
[EventDate "2018.01.10"]
[EventType "swiss (rapid)"]
[EventRounds "9"]
[EventCountry "NZL"]
[SourceTitle "EXT 2019"]
[Source "ChessBase"]
[SourceDate "2018.10.10"]
[SourceVersion "1"]
[SourceVersionDate "2018.10.10"]
[SourceQuality "1"]

1. d4 Nf6 2. c4 e6 3. Nc3 Bb4 4. Qc2 0-0 5. e4 d6 6. Bd3 e5 7. d5 Nbd7 8. Nge2 Nc5 9. 0-0 a5 10. a3 Nxd3 11. Qxd3 Bc5 12. Be3 Bxe3 13. Qxe3 Ng4 14. Qd2 a4 15. h3 Nh6 16. f4 exf4 17. Rxf4 Qe7 18. Raf1 f6 19. Nd4 Nf7 20. Nf5 Bxf5 21. exf5 Ne5 22. Re4 Qd7 23. Rfe1 Qxf5 24. Nb5 Qd7 25. Qc3 Rf7 26. Nd4 c6 27. Ne6 b5 28. dxc6 Qxc6 29. Nd4 Qxc4 30. Qg3 f5 31. Nxf5 Qc5+ 32. Ne3 Nd3 33. Re2 d5 34. Rg4 d4 35. Rg5 Qc1+ 36. Kh2 dxe3 37. Rxe3 Nf2 38. Qe5 h6 39. Rg6 Qc7 40. Qxc7 Rxc7 41. Rb6 Rc5 42. Rb7 Rf8 43. Ree7 Rg5 44. h4 Rg4 45. g3 Ne4 46. Rxb5 Rf2+ 0-1

[Event "MEX ol U16"]
[Site "Guanajuato"]
[Date "2002.07.14"]
[Round "1"]
[White "Mendoza Moreno, Vicente"]
[Black "Duran Rubalcava, Luis Angel"]
[Result "1-0"]
[WhiteElo "1557"]
[BlackElo "1315"]
[PlyCount "105"]
[EventDate "2002.07.13"]
[EventType "swiss"]
[EventRounds "6"]
[EventCountry "MEX"]
[SourceTitle "EXT 2003"]
[Source "ChessBase"]
[SourceDate "2002.11.25"]
[SourceVersion "1"]
[SourceVersionDate "2002.11.25"]
[SourceQuality "1"]

1. d4 d5 2. e3 e6 3. Bd3 c5 4. c3 c4 5. Bc2 Bd7 6. f4 g5 7. Nf3 gxf4 8. exf4 Nc6 9. Ne5 Nf6 10. Nd2 Qe7 11. Ndf3 Ne4 12. Bxe4 dxe4 13. Nd2 Nxe5 14. fxe5 Rg8 15. g3 Bc6 16. Nxc4 Qc7 17. Ne3 0-0-0 18. Qh5 h6 19. Rf1 Rg5 20. Qxf7 Qxf7 21. Rxf7 Rg7 22. Rxg7 Bxg7 23. Nc4 Bf8 24. Bf4 Bb5 25. Ne3 h5 26. Kd2 Bg7 27. Rg1 Rf8 28. Re1 Bd3 29. Ng2 Bh6 30. Ke3 Bxf4+ 31. Nxf4 Kd7 32. Nxd3 exd3 33. Kxd3 Rf2 34. Re2 Rf1 35. Ke3 Ra1 36. a3 a5 37. Kf4 b5 38. Kg5 Kc6 39. Kxh5 Kd5 40. g4 b4 41. axb4 axb4 42. g5 Ra2 43. cxb4 Kxd4 44. g6 Kd3 45. Rg2 Ra8 46. g7 Rg8 47. Kg6 Ke3 48. Kf7 Kf3 49. Kxg8 Kxg2 50. Kf7 Kh3 51. g8Q Kh4 52. Kf6 Kh3 53. Qg3# 1-0